| 000 | 00672nam a2200157 4500 | ||
|---|---|---|---|
| 001 | 155008 | ||
| 003 | ES-MaACL | ||
| 005 | 20230906205929.0 | ||
| 008 | 950412s1880 sp |||| | spa d | ||
| 040 |
_aEUS _bspa _cEUS |
||
| 100 | 1 |
_aGutiérrez Jiménez, Rafael. _9127658 |
|
| 245 | 1 | 0 |
_aConstitución de las Diputaciones Provinciales en España ó sea Teoría y práctica de las elecciones de diputados provinciales con arreglo á las leyes vigentes en setiembre de 1880 / _cpor Rafael Gutierrez Jimenez. |
| 260 |
_aMadrid : _b[s.n.], _c1880 ( _fImprenta de Manuel Minuesa de los Rios) |
||
| 300 |
_aXLII, 260 p. ; _c19 cm. |
||
| 852 |
_aES-MaACL _jF-13393 _z-- Enc. tela |
||
| 999 |
_c155008 _d155008 |
||